| 000 | 00624cab a2200217 4500 | ||
|---|---|---|---|
| 001 | WB3242-65 | ||
| 008 | 090401t1996 xxu||||| |||| 00| 0 eng d | ||
| 035 | _a(Sirsi) u44968 | ||
| 041 | _aeng | ||
| 245 | _aPromoting pride in cities | ||
| 260 | _c1996 | ||
| 350 | _a0 | ||
| 490 |
_aDoE News Release _v(460) 6 November 1996, (4) |
||
| 520 | _aThe SoS Environment has written to the civic leaders of seven areas, inviting them to join the City Pride initiative. | ||
| 650 | _aCITY PRIDE | ||
| 650 | _aREDEVELOPMENT | ||
| 650 | _aURBAN REGENERATION | ||
| 690 | _aURBAN RENEWAL | ||
| 942 | _n0 | ||
| 948 | _c04/03/1997 | ||
| 999 |
_c28584 _d28584 |
||